Welcome to CU Library Online Public Access Catalogue (OPAC)

First Aid Manual (Record no. 293)

MARC details
000 -LEADER
fixed length control field 00409nam a22001577a 4500
005 - DATE AND TIME OF LATEST TRANSACTION
control field 20241028151321.0
008 - FIXED-LENGTH DATA ELEMENTS--GENERAL INFORMATION
fixed length control field 241028b |||||||| |||| 00| 0 eng d
020 ## - INTERNATIONAL STANDARD BOOK NUMBER
International Standard Book Number 9780863189784
050 ## - LIBRARY OF CONGRESS CALL NUMBER
Classification number RC87.
Item number 5219 MAR
245 ## - TITLE STATEMENT
Title First Aid Manual
250 ## - EDITION STATEMENT
Edition statement 6th
260 ## - PUBLICATION, DISTRIBUTION, ETC.
Place of publication, distribution, etc. London
Name of publisher, distributor, etc. Dorling Kindersley
Date of publication, distribution, etc. c1992
300 ## - PHYSICAL DESCRIPTION
Extent 256p
700 ## - ADDED ENTRY--PERSONAL NAME
Personal name The St. John Ambulance Association and Brigade
942 ## - ADDED ENTRY ELEMENTS (KOHA)
Source of classification or shelving scheme Library of Congress Classification
Koha item type Books
Suppress in OPAC No
999 ## -
-- 293
-- 293
Holdings
Withdrawn status Lost status Source of classification or shelving scheme Damaged status Not for loan Collection Home library Current library Shelving location Date acquired Total checkouts Full call number Barcode Date last seen Copy number Price effective from Koha item type
    Library of Congress Classification     Non-fiction Undergraduate Library (Christ Temple) Undergraduate Library (Christ Temple) General stacks 10/28/2024   RC87.5219 MAR ulct00000073 10/28/2024 1 10/28/2024 Books
    Library of Congress Classification     Reference Undergraduate Library (Christ Temple) Undergraduate Library (Christ Temple) General stacks 08/15/2025   RC 87.5219 MAR ulct00004326 08/15/2025 1 08/15/2025 Reference
© 2023-2024 Copyright: Central University Libraries. All Rights Reserved | Created by: Mahone Tech Office